000 00624nam a2200229Ia 4500
003 OSt
005 20220923213424.0
006 a|||||r|||| 00| 0
007 ta
008 220922b |||||||| |||| 00| 0 hin d
024 _a161,846
037 _cTextual
040 _aARTS
_cARTS
_bhin
041 _2hin
_ahin
082 _aO152:3M80x, J11
100 _aप्रेमचंद
_9156277
245 0 _aबड़े घर की बेटी
246 _aBaड़e ghar kī beṭī
260 _c1951
942 _hO152:3M80x, J11
_cTEXL
_2CC
999 _c316393
_d316393